|
|
|
|
| LEADER |
00744cam a2200205 7i4500 |
| 001 |
0000039878 |
| 005 |
20140708090000.0 |
| 020 |
# |
0 |
|a 0470850051
|
| 090 |
0 |
0 |
|a GE 170
|b E61 2003
|
| 245 |
0 |
0 |
|a Environmental responses
|c edited by Andrew Blowers and Steve Hinchliffe.
|
| 260 |
# |
# |
|a Chichester:
|b Wiley in Association with the Open University,
|c 2003.
|
| 300 |
# |
# |
|a 304p.:
|b ill.(some col.);
|c 25 cm..
|
| 504 |
0 |
0 |
|a Includes index
|
| 590 |
# |
# |
|a Pusat Pendidikan Asas dan Liberal
|
| 650 |
0 |
0 |
|a Environmental policy
|
| 700 |
1 |
1 |
|a Blowers,
|h Andrew
|
| 700 |
1 |
1 |
|a Hinchliffe,
|h Steve
|
| 999 |
|
|
|a 1100028628
|b Book
|c Open Shelf
|e KOLEKSI TERBUKA
|
| 999 |
|
|
|a 1100028825
|b Book
|c Open Shelf
|e KOLEKSI TERBUKA
|
| 999 |
|
|
|a 1100029781
|b Book
|c Open Shelf
|e KOLEKSI TERBUKA
|